Every Nicki Minaj Song on the Billboard Hot 100 - Statistics

General Stats
  • This quiz has been taken 531 times
    344 since last reset
  • The average score is 28 of 114
Answer Stats
# Year Song % Correct
3 2011 Super Bass
88%
5 2012 Starships
86%
2 2014 Anaconda
82%
10 2018 Chun-Li
69%
3 2014 Bang Bang (Jessie J & Ariana Grande)
67%
4 2016 Side To Side (Ariana Grande)
62%
42 2018 Bed ft. Ariana Grande
61%
12 2014 Only ft. Drake, Lil Wayne & Chris Brown
58%
15 2012 Pound The Alarm
54%
1 2020 Say So (Doja Cat)
54%
1 2020 TROLLZ (6ix9ine)
54%
25 2018 Barbie Tingz
51%
18 2010 Monster (Kanye West) ft. Jay-Z, Rick Ross & Bon Iver
51%
18 2018 Barbie Dreams
50%
3 2018 FEFE (6ix9ine)
49%
39 2015 Feeling Myself ft. Beyoncé
48%
13 2011 Moment 4 Life ft. Drake
48%
19 2011 Fly ft. Rihanna
47%
6 2017 MotorSport (Migos & Cardi B)
45%
24 2014 Pills N Potions
44%
60 2018 Good Form ft. Lil Wayne
43%
22 2012 Va Va Voom
43%
56 2010 Roman's Revenge ft. Eminem
42%
14 2010 Your Love
42%
42 2020 Tusa (Karol G)
41%
48 2012 Beez In The Trap ft. 2 Chainz
40%
59 2012 Stupid Hoe
40%
31 2015 The Night Is Still Young
40%
14 2015 Truffle Butter ft. Drake & Lil Wayne
40%
20 2019 MEGATRON
38%
8 2015 Hey Mama (David Guetta) ft. Bebe Rexha & Afrojack
37%
64 2013 High School ft. Lil Wayne
37%
4 2012 Turn Me On (David Guetta)
35%
5 2013 Beauty And A Beat (Justin Bieber)
34%
14 2017 No Frauds (Drake & Lil Wayne)
34%
29 2017 Swalla (Jason Derulo) ft. Ty Dolla $ign
34%
41 2014 ***Flawless (Beyoncé)
33%
23 2020 Yikes
33%
6 2010 Bottoms Up (Trey Songz)
32%
8 2017 Rake It Up (Yo Gotti)
31%
46 2017 Swish Swish (Katy Perry)
31%
11 2019 Hot Girl Summer (Megan Thee Stallion & Ty Dolla $ign)
28%
49 2011 Did It On'em
25%
26 2018 Plain Jane (A$AP Ferg)
25%
58 2018 Majesty ft. Eminem & Labrinth
24%
89 2018 The Light Is Coming (Ariana Grande)
24%
88 2015 Get On Your Knees ft. Ariana Grande
23%
84 2015 B**** I'm Madonna (Madonna)
22%
26 2010 Right Thru Me
22%
14 2011 Where Them Girls At (David Guetta) ft. Flo Rida
22%
51 2012 Right By My Side ft. Chris Brown
21%
21 2015 All Eyes On You (Meek Mill) ft. Chris Brown
20%
62 2015 Bed Of Lies ft. Skylar Grey
20%
56 2018 Rich Sex ft. Lil Wayne
20%
24 2010 Check It Out (will.i.am)
19%
63 2018 Dip (Tyga)
19%
61 2017 Regret In Your Tears
19%
10 2012 Dance (A$$) (Big Sean)
18%
9 2011 Make Me Proud (Drake)
18%
16 2018 Big Bank (YG) ft. 2 Chainz & Big Sean
17%
65 2016 Black Barbies (Mike WiLL Made-It)
17%
35 2020 What That Speed Bout!? (Mike WiLL Made-It & YoungBoy Never Broke Again)
16%
11 2012 Girl On Fire (Alicia Keys)
15%
70 2012 Roman Reloaded ft. Lil Wayne
15%
3 2011 Till The World Ends (Britney Spears) ft. Ke$ha
15%
11 2018 IDOL (BTS)
14%
44 2013 I'm Out (Ciara)
14%
11 2010 My Chick Bad (Ludacris)
14%
30 2015 Throw Sum Mo (Rae Sremmurd) ft. Young Thug
14%
66 2017 Run Up (Major Lazer) ft. PARTYNEXTDOOR
13%
35 2020 Whole Lotta Choppas (Sada Baby)
13%
71 2017 Changed It (Lil Wayne)
12%
10 2012 Give Me All Your Luvin' (Madonna) ft. M.I.A.
12%
23 2013 Love More (Chris Brown)
12%
43 2018 MAMA (6ix9ine) ft. Kanye West
12%
19 2020 Move Ya Hips (A$AP Ferg) ft. MadeinTYO
12%
49 2010 Up All Night (Drake)
12%
60 2018 Ganja Burns
11%
89 2020 Nice To Meet Ya (Meghan Trainor)
11%
24 2017 The Way Life Goes (Lil Uzi Vert)
11%
16 2018 Ball For Me (Post Malone)
10%
100 2010 Up Out My Face (Mariah Carey)
10%
38 2017 You Da Baddest (Future)
10%
13 2016 Down In The DM (Yo Gotti)
9%
27 2016 Do You Mind (DJ Khaled) ft. Chris Brown, August Alsina, Jeremih, Future & Rick Ross
9%
75 2018 Krippy Kush (Farruko, Bad Bunny, 21 Savage & Rvssian)
9%
40 2010 Lil Freak (Usher)
9%
78 2017 Make Love (Gucci Mane)
9%
98 2018 Thought I Knew You ft. The Weeknd
9%
31 2010 2012 (It Ain't The End) (Jay Sean)
8%
83 2020 Expensive (Ty Dolla $ign)
8%
43 2019 iPHONE (Dababy)
8%
44 2010 Knockout (Lil Wayne)
8%
36 2010 Letting Go (Dutty Love) (Sean Kingston)
8%
64 2011 Roman In Moscow
8%
44 2013 Tapout (Rich Gang) ft. Lil Wayne, Birdman, Future & Mack Maine
8%
43 2014 Touchin, Lovin (Trey Songz)
8%
54 2017 Bom Bidi Bom (Nick Jonas)
7%
79 2010 Woohoo (Christina Aguilera)
7%
26 2018 Dark Side Of The Moon (Lil Wayne)
6%
89 2014 She Came To Give It To You (Usher)
6%
89 2018 Anybody (Young Thug)
5%
78 2015 Bad For You (Meek Mill)
5%
77 2013 Freaks (French Montana)
5%
68 2016 Froze (Meek Mill) ft. Lil Uzi Vert
5%
58 2012 Take It To The Head (DJ Khaled) ft. Chris Brown, Rick Ross & Lil Wayne
5%
82 2011 The Creep (The Lonely Island)
4%
90 2013 Tonight I'm Getting Over You (Carly Rae Jepsen)
4%
68 2011 Y.U. Mad (Birdman) ft. Lil Wayne
4%
60 2010 Dark Fantasy (Kanye West) ft. Teyana Taylor & Bon Iver
3%
72 2012 Get Low (Waka Flocka Flame) ft. Tyga & Flo Rida
3%
62 2012 You The Boss (Rick Ross)
3%
74 2012 Mutha***** Up (Tyga)
2%
42 2010 What's Wrong With Them (Lil Wayne)
2%
No matching quizzes found
Score Distribution
Percent of People with Each Score
Percentile by Number Answered
Your Score History
You have not taken this quiz since the last reset